Nombres de acción / (Record no. 169326)

MARC details
000 -LEADER
campo de control de longitud fija 00684nam a2200193 i 4500
001 - NÚMERO DE CONTROL
campo de control 169326
003 - IDENTIFICADOR DE NÚMERO DE CONTROL
campo de control ES-MaACL
005 - FECHA Y HORA DE LA ÚLTIMA TRANSACCIÓN
campo de control 20240505063026.0
008 - DATOS DE LONGITUD FIJA--INFORMACIÓN GENERAL
campo de control de longitud fija 080901s1970 sp |||| | spa d
080 ## - NÚMERO DE LA CLASIFICACIÓN DECIMAL UNIVERSAL
Número de la Clasificación Decimal Universal 811.134.2'373.6
100 1# - ENTRADA PRINCIPAL--NOMBRE DE PERSONA
Nombre de persona García de Diego, Vicente,
Fechas asociadas al nombre 1878-1978
9 (RLIN) 54421
245 10 - MENCIÓN DEL TÍTULO
Título Nombres de acción /
Mención de responsabilidad, etc. Vicente García de Diego.
260 ## - PUBLICACIÓN, DISTRIBUCIÓN, ETC.
Lugar de publicación, distribución, etc. Madrid :
Nombre del editor, distribuidor, etc. [Real Academia de la Historia],
Fecha de publicación, distribución, etc. 1970.
300 ## - DESCRIPCIÓN FÍSICA
Extensión P. [19]-29 ;
Dimensiones 24 cm.
595 ## -
-- Separata de: Boletín de la Real Academia Española, t. L, cuaderno CLXXXIX, en.-abril 1970.
650 14 - PUNTO DE ACCESO ADICIONAL DE MATERIA--TÉRMINO DE MATERIA
Término de materia o nombre geográfico como elemento de entrada Lengua española-
Subdivisión general Etimología
9 (RLIN) 14156
852 ## - LOCALIZACIÓN
Ubicación ES-MaACL
Número de control de estantería 2233-F-23
Holdings
Estatus retirado Estado de pérdida Estado de daño No para préstamo Colección Biblioteca de origen Biblioteca actual Ubicación en estantería Fecha de adquisición Fuente de adquisición Total de préstamos Signatura topográfica completa Código de barras Visto por última vez Precio de reemplazo Tipo de ítem Koha
        Colección de folletos Biblioteca del Ateneo de Madrid Biblioteca del Ateneo de Madrid Depósito folletos 01/09/2008     2233-F-23 1177769 23/02/2023 23/02/2023 Folleto